000 00334nam a2200097Ia 4500
008 220120s9999||||xx |||||||||||||| ||und||
100 _aAnitha s l, devika h r, moby antony
_912758
245 0 _aAnti-theft prevention system usign smartlock vehicle
260 _aCoorg Institute of Technology
_bPonnampet
_c2019
650 _aCOMPUTER SCIENCE
999 _c138358
_d138358